| Tag |
First Indicator |
Second Indicator |
Subfields |
| LEADER |
00000pam a2200000 a 4500 |
| 001 |
in00001532021 |
| 005 |
20151022050607.0 |
| 008 |
000404s2000 nyu 000 1 eng |
| 010 |
|
|
|a 99033435
|
| 020 |
|
|
|a 0679454454
|
| 035 |
|
|
|a (OCoLC)41565087
|
| 040 |
|
|
|a DLC
|c DLC
|d YDX
|d JTE
|d UPZ
|d UtOrBLW
|
| 049 |
|
|
|a TXAM
|
| 050 |
0 |
0 |
|a PS3558.I217
|b S53 2000
|
| 082 |
0 |
0 |
|a 813/.54
|2 21
|
| 100 |
1 |
|
|a Hiaasen, Carl.
|
| 245 |
1 |
0 |
|a Sick puppy :
|b a novel /
|c by Carl Hiaasen.
|
| 250 |
|
|
|a 1st ed.
|
| 264 |
|
1 |
|a New York :
|b Alfred A. Knopf,
|c 2000.
|
| 300 |
|
|
|a 341 pages ;
|c 25 cm.
|
| 336 |
|
|
|a text
|b txt
|2 rdacontent
|
| 337 |
|
|
|a unmediated
|b n
|2 rdamedia
|
| 338 |
|
|
|a volume
|b nc
|2 rdacarrier
|
| 650 |
|
0 |
|a Offenses against the environment
|z Florida
|v Fiction.
|
| 650 |
|
0 |
|a Criminals
|z Florida
|v Fiction.
|
| 650 |
|
0 |
|a Labrador retriever
|v Fiction.
|
| 655 |
|
7 |
|a Humorous fiction.
|2 gsafd
|
| 655 |
|
7 |
|a Mystery fiction.
|2 gsafd
|
| 994 |
|
|
|a E0
|b TXA
|
| 948 |
|
|
|a cataloged
|b h
|c 2000/8/8
|d c
|e ceaton
|f 11:27:09 am
|
| 999 |
|
|
|a MARS
|
| 999 |
f |
f |
|s 4bb9f997-516d-331d-92fa-50fcf72d14c7
|i 677e1c49-f87e-3500-bc49-ca4b649adb88
|t 0
|
| 952 |
f |
f |
|p normal
|a Texas A&M University
|b College Station
|c Sterling C. Evans Library
|d Evans: Library Stacks
|t 0
|e PS3558.I217 S53 2000
|h Library of Congress classification
|i unmediated -- volume
|m A14826312896
|
| 998 |
f |
f |
|a PS3558.I217 S53 2000
|t 0
|l Evans: Library Stacks
|